Quizz Teenwolf S6A - Statistiques

Statistiques générales
  • Ce quiz a été pris 19 fois
  • Le résultat moyen est 7 sur 10
Statistiques - réponses
Question Réponse % Correct
Où vont les disparus ? Gare
100%
Que font-t'ils ? Ils effacent les gens
100%
Qui se souvient de Stiles ? Lydia
100%
Qui disparait en premier dans la meute ? Stiles
100%
Quel objet est clé ? Jeep
82%
Comment vaincre les cavaliers ? Mémoire
82%
Qui revient définitivement ? Stiles
47%
Qui aide depuis l'autre côté ? Stiles
41%
Qui est le chef des cavaliers ? The Outlaw
35%
Qui sont les ennemis ? Les chasseurs
0%
Aucun quiz correspondant
Distribution des résultats
% des personnes avec chaque résultat
Percentile par nombre de réponses
Votre historique - résultats
Vous n’avez pas pris ce quiz